Statistics for Sky Ferreira Discography

Click here to take the quiz!

General Stats

  • This quiz has been taken 5 times
  • The average score is 11 of 17

Answer Stats

HintAnswer% Correct
Night Time, My TimeNight Time, My Time
100%
GhostGhost
100%
GhostEverything Is Embarrassing
100%
Night Time, My TimeI Blame Myself
67%
Night Time, My TimeKristine
67%
Night Time, My TimeHeavy Metal Heart
67%
Night Time, My TimeYou're Not The One
67%
Night Time, My TimeOmanko
67%
Night Time, My TimeNobody Asked Me (If I Was Okay)
67%
GhostLost In My Bedroom
67%
Night Time, My Time24 Hours
67%
Night Time, My TimeAin't Your Right
67%
Night Time, My TimeBoys
67%
GhostRed Lips
33%
Night Time, My TimeI Will
33%
Night Time, My TimeLove In Stereo
33%
GhostSad Dream
33%

Score Distribution

Percentile by Number Answered

Percent of People with Each Score

Your Score History

You have not taken this quiz